000 00427nam a2200193Ia 4500
005 20240823030336.0
008 240823s9999||||xx |||||||||||||| ||und||
020 _a978-81-904591-1-2
041 _aENGLISH
082 _A650.1 P7
100 _aKhan Q S
245 0 _aLaw Of Success
250 _a1st
260 _c2007
_bTanveer Public
500 _aYES
650 _aSuccess
_bGeneral
942 _cBK
999 _c188469
_d188469